Buku laperan. (Record no. 86915)

MARC details
000 -LEADER
fixed length control field 00610cam a22002171 4500
001 - CONTROL NUMBER
control field sa 68016107
003 - CONTROL NUMBER IDENTIFIER
control field DLC
005 - DATE AND TIME OF LATEST TRANSACTION
control field 20260227112652.0
008 - FIXED-LENGTH DATA ELEMENTS--GENERAL INFORMATION
fixed length control field 890127s1966 io 000 0 ind
010 ## - LIBRARY OF CONGRESS CONTROL NUMBER
LC control number sa 68016107
035 ## - SYSTEM CONTROL NUMBER
System control number (OCoLC)23574673
040 ## - CATALOGING SOURCE
Original cataloging agency DLC
Transcribing agency MiU
Modifying agency DLC
042 ## - AUTHENTICATION CODE
Authentication code premarc
050 00 - LIBRARY OF CONGRESS CALL NUMBER
Classification number HN37.C3
Item number S45 1966
111 2# - MAIN ENTRY--MEETING NAME
Meeting name or jurisdiction name as entry element Seminar Sosial Rochaniwan/Rochaniwati
Date of meeting or treaty signing (1966 :
Location of meeting Bandung and Djakarta)
245 10 - TITLE STATEMENT
Title Buku laperan.
260 ## - PUBLICATION, DISTRIBUTION, ETC.
Place of publication, distribution, etc. [Bandung?
Date of publication, distribution, etc. 1966?]
300 ## - PHYSICAL DESCRIPTION
Extent 328 p.
Dimensions 22 cm.
500 ## - GENERAL NOTE
General note Cover title.
650 #0 - SUBJECT ADDED ENTRY--TOPICAL TERM
Topical term or geographic name entry element Church and social problems
General subdivision Catholic Church
Form subdivision Congresses.

No items available.

Powered by Koha